书目信息 |
| 题名: |
中国崇拜物
|
|
| 作者: | 乔继堂 著 | |
| 分册: | ||
| 出版信息: | 天津 天津人民出版社 1991.8 |
|
| 页数: | 325页 | |
| 开本: | 19cm | |
| 丛书名: | 中国民俗丛书 | |
| 单 册: | ||
| 中图分类: | B933 , K892 | |
| 科图分类: | ||
| 主题词: | 偶像崇拜--中国 , 风俗习惯 | |
| 电子资源: | ||
| ISBN: | 7-201-00845-5 | |
| 000 | 00863nam2 2200277 45 | |
| 001 | 0192015309 | |
| 005 | 20061118110034.14 | |
| 010 | @a7-201-00845-5@dCNY6.90 | |
| 100 | @a19920527d1991 em y0chiy0121 ea | |
| 101 | 0 | @achi |
| 102 | @aCN@b120000 | |
| 105 | @af z 000yy | |
| 200 | 10 | @a中国崇拜物@AZHONG GUO CHONG BAI WU@f乔继堂著@FQIAO JI TANG ZHU |
| 210 | @a天津@c天津人民出版社@d1991.8 | |
| 215 | @a325页@c图@d19cm | |
| 225 | 2 | @a中国民俗丛书 |
| 330 | @a本书对崇拜现象,它的形成、观念进化及崇拜心理的民俗意义,崇拜物的演进、社会心理价值,其地域特点、种类、用途等方面都进行了剖析。 | |
| 410 | 0 | @120010@a中国民俗丛书 |
| 540 | 1 | @a崇拜物@ACHONG BAI WU |
| 606 | @a偶像崇拜@y中国 | |
| 606 | 0 | @a风俗习惯 |
| 690 | @aB933@v三版 | |
| 690 | @aK892@v3 | |
| 701 | 0 | @a乔继堂@AQIAO JI TANG@4著 |
| 801 | 0 | @aCN@bTSSF@c20061118 |
| 905 | @a10447@dK892@e35:2 | |
| 中国崇拜物/乔继堂著.-天津:天津人民出版社,1991.8 |
| 325页:图;19cm.-(中国民俗丛书) |
| ISBN 7-201-00845-5:CNY6.90 |
| 本书对崇拜现象,它的形成、观念进化及崇拜心理的民俗意义,崇拜物的演进、社会心理价值,其地域特点、种类、用途等方面都进行了剖析。 |
| ● |
| 相关链接 |
|
|
|
|
正题名:中国崇拜物
索取号:K892/35:2
 
预约/预借
| 序号 | 登录号 | 条形码 | 馆藏地/架位号 | 状态 | 备注 |
| 1 | 0253213 | 001549293 | 第二样本阅览室/ [索取号:K892/35:2] | 在馆 |